00542nam a2200181Ia 4500008004100000020001900041040001900060041001200079082002700091100001800118245006000136260005000196300002600246650001800272651003500290700001500325850002000340131103s9999 xx 000 0 und d aSBN 43510750 1 aLoreto College aEnglish a808.1/MILbLCLIB/18370 aMillar,Robert 4aThe language of poetrycBy Robert Millar and Ian Currie aLondonbHeinemann Educational Books Ltdc1970 avii, 120 p. c 21 cm. aLiterature -  aPoetry criticism - Rhetoric -  aCurrie,Ian aLCLIB/808.1/MIL